000 00979cam a2200277 i 4500
003 SA-RiAUC
005 20250911123315.0
008 250910s1997 le g 000 0aara c
040 _aSA-JeALM
_bara
_cSA-RiAUC
_erda
082 0 4 _a922.113
090 _a922.113
_b س ب ا
100 1 _aالسباعي، مصطفى،
_d1915-1964
_eمؤلف.
245 1 0 _aهكذا علمتني الحياة /
_cمصطفى السباعي.
250 _aالطبعة الرابعة.
264 1 _aبيروت :
_bالمكتب الإسلامي،
_c1997
300 _a367 صفحة
_c22 سم.
336 _aنص
_btxt
_2rdacontent
_3كتاب
337 _aبدون وسيط
_bn
_2rdamedia
338 _aمجلد
_bnc
_2rdacarrier
600 1 7 _aالسباعي، مصطفى،
_d1915-1964
_2aucnm
650 7 _aالسلفية
_2aucsh
650 7 _aالدعاة
_vتراجم
_2aucsh
650 7 _aالوعظ والإرشاد
_2aucsh
942 _2ddc
_cBOOK
_n0
949 _aSA-JeALM
_d250910
_uosman123
_n1
999 _c11627
_d11627